Statistics for Countries With The Most Roman Ancestry

Click here to take the quiz!

General Stats

  • This quiz has been taken 65 times
  • The average score is 15 of 20

Answer Stats

%Country% Correct
18Greece
100%
78Italy
100%
73Spain
100%
59France
98%
70Portugal
98%
38Austria
91%
27Germany
89%
47Switzerland
89%
20Croatia
87%
25Netherlands
85%
40Belgium
83%
30Romania
83%
25Slovenia
76%
45Luxembourg
67%
68Argentina
57%
35Chile
54%
40Brazil
52%
65Uruguay
46%
33Moldova
39%
24Venezuela
37%

Score Distribution

Percentile by Number Answered

Percent of People with Each Score

Your Score History

You have not taken this quiz